000 00862nam a22002777a 4500
001 BR7400421
003 BR-BrBNA
005 20230928084514.0
007 ta
008 230509b bl.||||| |||| 00| 0 por d
040 _aBR-BrBNA
_bpor
_cBiblioteca Nacional de Agricultura
041 _a(Por)
072 _aH10
_b0430
_b4020
_b/G514
090 _ 0430 BR7400421
100 1 _aGreen, E.C.
110 1 _aSociedade Nacional de Agricultura, Rio de Janeiro, GB (Brasil)
_99932
245 1 _aA lagarta rosada dos capulhos no Brasil. Seu historico, disseminacao, prejuizos, parasitas e modo de combatel-a [Algodao]
260 3 _aRio de Janeiro, GB (Brasil):
_c1917.
300 _a23 p.
650 _aALGODAO
650 _aLAGARTA ROSADA
650 _aCONTROLE QUIMICO
650 _aCONTROLE MECANICO
909 _a202309
_bLucia
_c55
_dLucia Elande
942 _cBK
999 _c19412
_d19412